000 01061 a2200229 4500
999 _c8338
_d8338
010 _aENG-88421 B-281089-101
020 _a0195689216
_c695.00
020 _a9780195689211
_c695.00
035 _aEN-71954 B-281089-101
037 _bDBAD / PUB
082 _a330.954
245 _aGlobalization and politics in India:
_cedited by Baldev Raj Nayar
_bthemes in politics/
260 _aNew Delhi
_bOxford University Press
_c2007
260 _aNew Delhi
_bOxford University Press
_c2008
270 _aYMCA Library Building, Jai Singh Road,
_bNew Delhi
_e110 001
300 _axx, 590 p.
_c22cm (Hb)
500 _aincludes bibliographical references and index
700 _aNayar, Baldaev Raj
942 _adpl
_cEN
_2ddc
_h330.954
_mGLO